000 00426nam a22001697a 4500
003 OSt
008 260416b |||||||| |||| 00| 0 eng d
082 _a581.2326
_bJ46A
100 _aJha, Pawan Kumar
245 _aAlternaria Blight of Linseed and Its Management
260 _aPusa, Samastipur
_bRAU, Pusa
_c2007
300 _a54P.
502 _bMsc.
_d2007
650 _aPlant Pathology
650 _aMsc.
942 _2ddc
_cT
999 _c50065
_d50065